Realidade alternativa (Record no. 71054)

MARC details
000 -LÍDER
campo de controle de tamanho fixo 00331 a2200145 4500
001 - NÚMERO DE CONTROLE
campo de controle 71054
020 ## - ISBN - INTERNATIONAL STANDARD BOOK NUMBER
ISBN - International Standard Book Number 9788569522782
040 ## - FONTE DA CATALOGAÇÃO
Instituição que transcreveu o registro Anchieta - Itaigara
100 ## - ENTRADA PRINCIPAL--NOME PESSOAL
Nome pessoal Deuser Van, Felipe
240 10 - TÍTULO UNIFORME
Título uniforme Realidade alternativa
Idioma da obra por
245 10 - TÍTULO
Título Realidade alternativa
362 0# - DATAS DE PUBLICAÇÃO E/OU DESIGNAÇÃO SEQUENCIAL
Datas de publicação e/ou designação sequencial 2018
650 #4 - ASSUNTO--TERMO TÓPICO
Cabeçalho tópico ou nome geográfico Ficção brasileira
942 ## - ELEMENTOS DE ENTRADA ADICIONADOS (KOHA)
Tipo de material Koha Livros
Holdings
Situação do descarte Situação das perdas Situação física Não pode ser emprestado Biblioteca de origem Biblioteca atual Data de aquisição Total de empréstimos Número de chamada completo Código de barras Data de último acesso Data do preço efetivo Tipo de material Koha
        Colégio São Paulo Colégio São Paulo 21/11/2023   869.93 ABR REA 5162/ITA 21/11/2023 21/11/2023 Livros